| 000 | 00584nam a2200193Ia 4500 | ||
|---|---|---|---|
| 005 | 20250508162830.0 | ||
| 008 | 008 250505s9999 xx 000 0 eng d | ||
| 037 | _aReference | ||
| 040 |
_aFEDL _beng _cFEDL |
||
| 041 |
_aeng _2eng |
||
| 084 |
_a371.95, CLA _qFEDL |
||
| 100 |
_aClark Barbara _9774142 |
||
| 245 | 0 | _aGrowing up gifted: Developing the potential of children at home and at school | |
| 250 | _a4th | ||
| 260 |
_aNew York, USA _bMacmillan Publishing Company _c1992 |
||
| 300 | _axviii,587p. | ||
| 942 |
_cREF _h371.95, CLA |
||
| 999 |
_c1378938 _d1378938 |
||